| 000 | 00553nam a2200205Ia 4500 | ||
|---|---|---|---|
| 008 | 180523s9999 xx 000 0 und d | ||
| 020 | _a978-1-84593-652-5 | ||
| 050 | _aMAIN G 155.A1 | ||
| 050 | _b.G53 2010 | ||
| 245 | 0 | _aGiants of tourism / | |
| 245 | 0 | _cedited by Richard Butler and Roslyn A. Russell. | |
| 260 | _aUnited Kingdom. | ||
| 260 | _bCABI, | ||
| 260 | _c2010 | ||
| 300 | _a288 pages : | ||
| 300 | _c25 cm. | ||
| 500 | _aIncludes bibliographical references and index. | ||
| 650 | _aTourism. | ||
| 650 | _xTourism -- Biography. | ||
| 999 |
_c356634 _d356634 |
||